[Event "Sevilla op"]
[Site "Sevilla"]
[Date "1992.??.??"]
[Round "6"]
[White "Danailov, Silvio"]
[Black "Yakovich, Yuri"]
[Result "1/2-1/2"]
[WhiteElo "2445"]
[BlackElo "2525"]

1.c4 e5 2.g3 Nf6 3.Bg2 d5 4.cxd5 Nxd5 5.Nc3 Nb6 6.Nf3 Nc6 7.O-O Be7 8.a3 O-O
9.b4 Be6 10.Rb1 f6 11.d3 Nd4 12.Nxd4 exd4 13.Ne4 Bd5 14.Bb2 f5 15.Nd2 Bxg2
16.Kxg2 Qd5+ 17.Nf3 Bf6 18.Rc1 Qd7 19.Qb3+ Kh8 20.Rc2 a6 21.Rfc1 c6  1/2-1/2

[Event "Sitges op"]
[Site "Sitges"]
[Date "1992.??.??"]
[Round "9"]
[White "Suba, Mihai"]
[Black "Ferron Garcia, Carlos"]
[Result "1/2-1/2"]
[WhiteElo "2520"]
[BlackElo "2310"]

1.c4 e5 2.g3 Nf6 3.Bg2 c6 4.d4 Bb4+ 5.Bd2 Bxd2+ 6.Qxd2 exd4 7.Qxd4 d5 8.cxd5 cxd5
9.Nf3 O-O 10.O-O Nc6 11.Qa4 Re8 12.e3 Ne4 13.Nc3 Bg4 14.Rad1 Nxc3 15.bxc3 Ne5
16.Qf4 Qf6 17.Nxe5 Bxd1 18.Qxf6 gxf6 19.Nd7 Red8 20.Nxf6+ Kg7 21.Nxd5 Be2
22.Rb1 Bc4 23.e4 Bxa2 24.Ra1 Bxd5 25.exd5 Rac8 26.Rxa7 Rxc3 27.Rxb7 Rc1+
28.Bf1 Rxd5 29.Kg2 Rc2 30.Rb3 Rf5 31.Rf3 Rxf3 32.Kxf3 Kf6 33.h4 Ke5 34.Ke3 Rc3+
35.Ke2 f5 36.f4+ Kd4 37.Kf2 Rc2+ 38.Kf3 Rc3+ 39.Kf2 Rc2+ 40.Kf3 Rc3+  1/2-1/2

[Event "BUL-ch sf"]
[Site "Sofia"]
[Date "1992.??.??"]
[Round "8"]
[White "Arnaudov, Petar"]
[Black "Petrov, Marijan"]
[Result "1/2-1/2"]
[WhiteElo "2270"]
[BlackElo "2265"]

1.g3 e5 2.c4 d6 3.Bg2 g6 4.Nc3 Bg7 5.Nf3 f5 6.O-O Nf6 7.d3 c6 8.Rb1 O-O 9.b4 h6
10.b5 c5 11.Ne1 Nbd7 12.f4 Kh8 13.Bd2 Re8 14.Nc2 Nf8 15.Ne3 exf4 16.gxf4 Rxe3
17.Bxe3 Ng4 18.Bd2 Qh4 19.Rf3 Qxh2+ 20.Kf1 Qh4 21.Kg1 Qh2+ 22.Kf1 Qh4  1/2-1/2

[Event "St Petersburg op"]
[Site "St Petersburg"]
[Date "1992.??.??"]
[Round "?"]
[White "Khropov, Boris"]
[Black "Ionov, Sergey"]
[Result "0-1"]
[WhiteElo "2205"]
[BlackElo "2500"]

1.c4 e5 2.g3 Nc6 3.e4 Bc5 4.Bg2 d6 5.Ne2 f5 6.d3 fxe4 7.dxe4 Nf6 8.h3 O-O
9.O-O Be6 10.Qd3 Qd7 11.g4 Qf7 12.Nd2 h5 13.g5 Nh7 14.Qg3 Qg6 15.Kh2 Qxg5
16.Qxg5 Nxg5 17.f4 exf4 18.Nxf4 Bf7 19.Nd5 Bxd5 20.cxd5 Ne5 21.Rf5 Rxf5 22.exf5 Rf8
23.Ne4 Nef3+ 24.Bxf3 Nxf3+ 25.Kg3 Rxf5 26.Bf4 Nd4 27.Re1 Bb4 28.Nc3 g5 29.Bc1 Kf7
30.Kg2 Nf3 31.Rd1 Nh4+ 32.Kh1 Bxc3 33.bxc3 Rf3 34.Kh2 Rf2+ 35.Kg1 Rxa2 36.Rf1+ Kg6
37.Be3 Rg2+ 38.Kh1 Rg3 39.Bd4 Rxh3+ 40.Kg1 Nf3+ 41.Kg2 g4  0-1

[Event "SWZ-ch int"]
[Site "?"]
[Date "1992.??.??"]
[Round "7"]
[White "Fauland, Alexander"]
[Black "Wirthensohn, Heinz"]
[Result "0-1"]
[WhiteElo "2425"]
[BlackElo "2395"]

1.c4 e5 2.g3 Nf6 3.Bg2 d5 4.cxd5 Nxd5 5.Nf3 Nc6 6.O-O Be7 7.d4 exd4 8.Nxd4 Nxd4
9.Qxd4 Nf6 10.Qa4+ c6 11.e4 O-O 12.Nc3 Be6 13.Be3 Qc8 14.Rad1 Bh3 15.f3 Bxg2
16.Kxg2 Qe6 17.Ne2 b5 18.Qa6 Qc8 19.Qa5 Qb7 20.Nd4 Rfc8 21.Rd2 g6 22.Rfd1 a6
23.Nb3 c5 24.Qc3 c4 25.Nc5 Qc6 26.Qe5 Qc7 27.Qxc7 Rxc7 28.b4 cxb3 29.Nxb3 Rac8
30.e5 Ne8 31.Nd4 Ng7 32.f4 Bb4 33.Rd3 Bc5 34.Nxb5 axb5 35.Rd8+ Bf8  0-1

[Event "SWZ-ch int"]
[Site "?"]
[Date "1992.??.??"]
[Round "10"]
[White "Fauland, Alexander"]
[Black "Kishnev, Sergey"]
[Result "1-0"]
[WhiteElo "2425"]
[BlackElo "2530"]

1.c4 e5 2.g3 f5 3.Bg2 Nf6 4.Nc3 g6 5.d3 Bg7 6.e3 O-O 7.Nge2 c6 8.O-O Na6
9.f4 d6 10.Rb1 Re8 11.h3 Be6 12.b3 Qd7 13.Bb2 Rad8 14.Qd2 Bf7 15.e4 Nc5 16.exf5 gxf5
17.Rbd1 Bg6 18.b4 Ne6 19.Kh2 h5 20.Rde1 h4 21.g4 Nxf4 22.Nxf4 exf4 23.Ne2 fxg4
24.Rxf4 Qe6 25.Bxf6 g3+ 26.Kh1 Bxf6 27.Rg4 Kh7 28.Rxg6 Bg5 29.Rxg5  1-0

[Event "Sydney op"]
[Site "Sydney"]
[Date "1992.??.??"]
[Round "9"]
[White "Johansen, Darryl K"]
[Black "Wohl, Aleksandar H"]
[Result "0-1"]
[WhiteElo "2485"]
[BlackElo "2280"]

1.c4 e5 2.g3 Nc6 3.Bg2 g6 4.Nc3 Bg7 5.e3 d6 6.Nge2 h5 7.b3 h4 8.Bb2 Bf5 9.d3 Qd7
10.Nd5 Nd8 11.e4 Be6 12.Qd2 c6 13.Ne3 Ne7 14.O-O-O c5 15.f4 Ndc6 16.Kb1 O-O-O
17.Nd5 Bg4 18.Rdf1 f5 19.Nec3 exf4 20.gxf4 Nxd5 21.Nxd5 Nd4 22.Bxd4 Bxd4
23.h3 Bh5 24.Re1 Rhe8 25.a3 Bh8 26.Ka2 Qg7 27.b4 Qd4 28.Qc2 Re6 29.bxc5 dxc5
30.exf5 Rxe1 31.Rxe1 gxf5 32.Ne7+ Kc7 33.Nd5+ Kb8 34.Kb3 Bf7 35.Re7 Bg8 36.Qe2 Bxd5
37.Bxd5 Qc3+ 38.Ka4 b5+ 39.cxb5 Rxd5 40.Re8+ Kc7 41.Re7+ Rd7 42.Rxd7+ Kxd7
43.Qg2 Qd4+ 44.Ka5 Qd6 45.Qa8 Bc3+ 46.Ka4 Qd4+ 47.Kb3 Qxd3 48.Qxa7+ Ke8 49.Qb8+ Kf7
50.Qc7+ Kg8 51.Qc8+ Kh7 52.Qc7+ Bg7+ 53.Ka4 c4 54.b6 Qb3+ 55.Ka5 Qxa3+ 56.Kb5 Qb3+
57.Ka5 c3 58.Qc8 Qd5+ 59.Ka6 Qd3+ 60.Ka7 c2 61.b7 Qd4+ 62.Ka6 Qa4+ 63.Kb6 Bd4+  0-1

[Event "Tashkent"]
[Site "Tashkent"]
[Date "1992.??.??"]
[Round "?"]
[White "Serper, Grigory"]
[Black "Nadyrhanov, S."]
[Result "1-0"]
[WhiteElo "2575"]
[BlackElo "2445"]

1.c4 e5 2.g3 g6 3.Bg2 Bg7 4.Nc3 d6 5.d3 f5 6.e3 Nf6 7.Nge2 a5 8.b3 c6 9.Bb2 O-O
10.O-O Na6 11.Rc1 Bd7 12.Na4 b6 13.Qd2 Rb8 14.Rfd1 Re8 15.Nac3 Kh8 16.e4 c5
17.f4 Nb4 18.Rf1 Rc8 19.Rce1 Ng4 20.Kh1 Nc6 21.Nd5 Nf6 22.Nec3 Nd4 23.Nxf6 Bxf6
24.Nd5 Bg7 25.Rf2 Be6 26.Ref1 Bxd5 27.cxd5 Bh6 28.Qd1 Qf6 29.Bh3 exf4 30.gxf4 Qh4
31.Rf3 Qh5 32.Qd2 Bg7 33.Re3 Rc7 34.Bg2 Rce7 35.Rh3 Qe2 36.Qc1 fxe4 37.Re3 Qg4
38.dxe4 Nf5 39.Bh3 Nxe3 40.Bxg4 Nxg4 41.Bxg7+ Kxg7 42.Qc3+ Nf6 43.e5 dxe5
44.d6 Re6 45.fxe5 Rxe5 46.Qf3 Rf8 47.Qb7+ Rf7 48.Qxb6 Rd5 49.Qxa5 Rd7 50.Qc7 Rxd6
51.Qxc5 Rd5 52.Qc3 Rd4 53.a4 Ne4 54.Qf3 Kh6 55.a5 Ng5 56.Qf8+ Kh5 57.a6 Rg4
58.Qc5 Kh4 59.a7 Rd8 60.Qe7 Rgd4 61.Qb7  1-0

[Event "Tel Aviv"]
[Site "Tel Aviv"]
[Date "1992.??.??"]
[Round "9"]
[White "Davies, Nigel R"]
[Black "Khenkin, Igor"]
[Result "0-1"]
[WhiteElo "2460"]
[BlackElo "2530"]

1.c4 e5 2.g3 c6 3.d4 Bb4+ 4.Bd2 Bxd2+ 5.Qxd2 d6 6.Bg2 Qe7 7.Nc3 Nf6 8.e4 d5
9.cxd5 exd4 10.Qxd4 cxd5 11.Nxd5 Nxd5 12.Qxd5 O-O 13.Ne2 Rd8 14.Qb3 Be6 15.Qe3 Qb4+
16.Qc3 Nc6 17.O-O Rd2 18.Qxb4 Nxb4 19.Nc3 Rxb2 20.Rab1 Rxb1 21.Rxb1 Nxa2
22.Nxa2 Bxa2 23.Rxb7 a5 24.e5 Rc8 25.Be4 a4 26.Ra7 Bb3 27.f4 g6 28.Kf2 h5
29.Ke3 Rc1 30.Kd2 Ra1 31.Kc3 Ra2 32.h4 Ra1 33.Rd7 Rc1+ 34.Kb2 Re1 35.Bb1 Be6
36.Rd3 Rxb1+  0-1

[Event "Tel Aviv"]
[Site "Tel Aviv"]
[Date "1992.??.??"]
[Round "11"]
[White "Berkovich, Mark A"]
[Black "Khenkin, Igor"]
[Result "0-1"]
[WhiteElo "2455"]
[BlackElo "2530"]

1.c4 e5 2.g3 c6 3.d4 Bb4+ 4.Bd2 Bxd2+ 5.Qxd2 d6 6.dxe5 dxe5 7.Qxd8+ Kxd8
8.Nf3 f6 9.Nc3 Be6 10.O-O-O+ Kc7 11.b3 Nh6 12.Bg2 a5 13.Rd2 Na6 14.Na4 Ng4
15.Rf1 h5 16.h3 Nh6 17.Ne1 Rad8 18.Nd3 h4 19.g4 Nf7 20.Rfd1 f5 21.Ndc5 Nxc5
22.Nxc5 Bc8 23.Rxd8 Nxd8 24.gxf5 Bxf5 25.Rg1 Kd6 26.Ne4+ Ke7 27.Bf3 Ne6 28.Rh1 Nf4
29.Ng5 Kf6 30.Ne4+ Bxe4 31.Bxe4 Nxe2+ 32.Kd2 Nf4 33.Ke3 Rd8 34.Bf3 Rd3+ 35.Ke4 Rd2
36.Bg4 Ne6 37.Rg1 Nc5+ 38.Ke3 Rxa2 39.Rd1 Rb2 40.Rd6+  0-1

[Event "Morava-ch U20 Girls"]
[Site "Valtice"]
[Date "1992.??.??"]
[Round "4"]
[White "Slepankova, Radka"]
[Black "Muzikantova, Vladimira"]
[Result "1/2-1/2"]
[WhiteElo "1835"]
[BlackElo "1800"]

1.c4 e5 2.g3 Nf6 3.Bg2 d5 4.cxd5 Nxd5 5.Nc3 Nb6 6.Nf3 Nc6 7.d3 Be7 8.Bd2 Be6
9.O-O f6 10.Rc1 Qd7 11.Re1 O-O 12.a3 Na5 13.Be3 Nb3 14.Rc2 c6 15.Nd2 Nxd2
16.Qxd2 Nd5 17.Nxd5 Bxd5 18.Bxd5+ Qxd5 19.Rec1 Rfd8 20.Bc5 Bxc5 21.Rxc5 Qe6
22.Qb4 Rd7 23.R5c4 Rad8 24.Qc5 a6 25.Qe3 Rd4 26.f4 R4d5 27.Re4 Re8 28.Rcc4 f5
29.Rxe5 Rxe5 30.fxe5 Qxe5 31.Qxe5 Rxe5 32.Kf2 Kf7 33.Rd4 Ke7 34.Kf3 h6 35.Rh4 Ke6
36.Rd4 Rb5 37.b4 a5 38.bxa5 Rxa5 39.Rb4 b5 40.Rb3 Ra4 41.Rc3 Kd5 42.Ke3 g5
43.Kf3 h5 44.e3 h4 45.gxh4 Rxh4 46.d4 Rh3+ 47.Kg2 g4 48.Rc5+ Ke4 49.Re5+ Kd3
50.Rxf5  1/2-1/2

[Event "Voskresensk"]
[Site "Voskresensk"]
[Date "1992.??.??"]
[Round "?"]
[White "Zlotnikov, Mikhail"]
[Black "Janovsky, Sergey"]
[Result "1-0"]
[WhiteElo "2375"]
[BlackElo "2435"]

1.c4 e5 2.g3 Nf6 3.Bg2 d5 4.cxd5 Nxd5 5.Nc3 Nb6 6.d3 Be7 7.Nf3 Nc6 8.O-O O-O
9.Be3 Be6 10.Ne4 Bd5 11.Nc5 Nd4 12.Bxd4 exd4 13.Qc2 Re8 14.Rfe1 a5 15.Rac1 a4
16.Nd2 Bxg2 17.Kxg2 Ra7 18.Nf3 g6 19.Qd2 Bf6 20.Ne4 Bg7 21.Qb4 Nd5 22.Qc4 b6
23.Qb5 c5 24.h4 f5 25.Neg5 h6 26.Nh3 Kh7 27.h5 g5 28.Qc6 Bf6 29.Nd2 a3 30.bxa3 Rc7
31.Qb5 Rce7 32.Ng1 Qa8 33.Kf1 Be5 34.Nc4 Bc7 35.a4 Nf6 36.Nxb6 Qh1 37.Qxc5 Be5
38.Qc6 Qxh5 39.Qg2 g4 40.Rc6 Qf7 41.Nc4 Nd5 42.Rb1 Nc3 43.Rbb6 Bg7 44.Qh1 Nxe2
45.Rxh6+ Kg8 46.Rbg6 Nxg3+ 47.fxg3 Re1+ 48.Kf2 R8e2+ 49.Nxe2 Rxh1 50.Rxg7+ Kxg7
51.Rxh1 Qb7 52.Rd1 Qf3+ 53.Ke1 Kf6 54.Kd2 Qb7 55.a3 Qh7 56.Rb1 Qh6+ 57.Kc2 Qh2
58.Rb6+ Kg7 59.Kd2 f4 60.gxf4 g3 61.Ne5 g2 62.Rg6+ Kh7 63.a5 Qh3 64.a6 Qc8
65.Rc6 Qb8 66.Kc2 Qd8 67.Nf3 Qd5 68.Ng5+ Kg7 69.Rc4 Qd6 70.a4 Qxa6 71.Nf3 Qe6
72.Nfg1 Kg6 73.Rxd4 Qa2+ 74.Kd1 Qa1+ 75.Kd2 Kf5 76.Ke3 Qf1 77.Rd5+ Kf6 78.a5 Ke6
79.Rg5 Kf6 80.Nf3 Qh1 81.Nfg1 Qh7 82.Nf3 Qh1 83.Rc5 Qh8 84.Kf2 Qh1 85.Neg1 Qh7
86.d4 Qd7 87.Ne2 Qe8 88.Rg5 Qe4 89.Rxg2 Qc2 90.Rg5 Qa2 91.Rc5 Ke7 92.Ne5 Qa3
93.Nc4 Qa2 94.Rc6 Qa4 95.d5 Qb5 96.d6+ Ke8 97.Ne5  1-0

[Event "Warsaw op"]
[Site "Warsaw"]
[Date "1992.??.??"]
[Round "5"]
[White "Arbakov, Valentin"]
[Black "Vaulin, Alexander"]
[Result "1-0"]
[WhiteElo "2450"]
[BlackElo "2520"]

1.c4 e5 2.g3 c6 3.Nf3 e4 4.Nd4 d5 5.cxd5 Qxd5 6.e3 Nf6 7.Nc3 Qe5 8.Bg2 Na6
9.O-O Bb4 10.d3 Bxc3 11.bxc3 O-O 12.dxe4 Nxe4 13.Qc2 Re8 14.f3 Nd6 15.e4 c5
16.Ne2 Nc7 17.g4 Qe7 18.Ng3 Be6 19.Bf4 Red8 20.Rae1 Bc4 21.Rf2 Ba6 22.Qc1 Nc4
23.Nf5 Qd7 24.Bg3 Ne6 25.e5 b5 26.Bh4 Re8 27.Bf1 Bb7 28.Rd1 Qc7 29.Bxc4 bxc4
30.Nd6 Reb8 31.Bg3 h6 32.Qe3 Rd8 33.h4 Rab8 34.Rfd2 Ba8 35.Kf2 Qc6 36.Qe4 Qa6
37.Qf5 Rd7 38.g5 g6 39.Qf6 h5 40.Nxf7 Rxf7 41.Rd8+ Nxd8 42.Qxa6 Rxf3+ 43.Ke2 Rb2+
44.Rd2 Rxd2+ 45.Kxd2 Rxg3 46.Qxg6+ Kf8 47.Qxh5 Be4 48.Qh8+ Ke7 49.Qf6+ Ke8
50.e6 Rf3 51.Qh8+ Ke7 52.Qe5 Bb1 53.Qxc5+ Kxe6 54.Qxc4+  1-0

[Event "Werfen op"]
[Site "Werfen"]
[Date "1992.??.??"]
[Round "4"]
[White "Mandl, Robert"]
[Black "Palos, Osman"]
[Result "0-1"]
[WhiteElo "2405"]
[BlackElo "2350"]

1.c4 e5 2.g3 g6 3.Bg2 Bg7 4.Nc3 f5 5.d3 Nh6 6.Nf3 Nf7 7.h4 c6 8.e4 d6 9.Be3 Na6
10.Qd2 Nc5 11.Ng5 Nxg5 12.hxg5 Qa5 13.O-O-O Be6 14.Kb1 Na4 15.Nxa4 Qxa4 16.b3 Qa3
17.d4 O-O 18.dxe5 dxe5 19.Bh3 Qe7 20.exf5 gxf5 21.Qd6 Qf7 22.Bc1 b5 23.Qxc6 Rac8
24.Qxb5 Bxc4 25.Qd7 Bxb3 26.axb3 Qxb3+ 27.Bb2 Qc2+ 28.Ka2 Rc4 29.Rd3 Rb8
30.Qd5+ Kh8 31.Rb1 Ra4+ 32.Ra3 Rxa3+ 33.Kxa3 Bf8+  0-1

[Event "Sonnevanck"]
[Site "Wijk aan Zee"]
[Date "1992.??.??"]
[Round "1"]
[White "Bosboom, Manuel"]
[Black "Van Mil, Johannes A J"]
[Result "1/2-1/2"]
[WhiteElo "2445"]
[BlackElo "2450"]

1.c4 e5 2.g3 Nc6 3.Bg2 g6 4.Nc3 d6 5.Rb1 a5 6.a3 Be6 7.d3 Qd7 8.Nd5 Bg7 9.e3 Nge7
10.Ne2 O-O 11.O-O Nd8 12.Nxe7+ Qxe7 13.Nc3 Qd7 14.Nd5 a4 15.Bd2 f5 16.Qc2 Ra7
17.f4 Bf7 18.e4 Ne6 19.Be3 Nd4 20.Bxd4 exd4 21.exf5 gxf5 22.Rbe1 c6 23.Nb4 Raa8
24.Qd1 Bf6 25.Bh3  1/2-1/2

[Event "Ibercaja op"]
[Site "Zaragoza"]
[Date "1992.??.??"]
[Round "?"]
[White "Danailov, Silvio"]
[Black "Leskovar, Mario"]
[Result "1/2-1/2"]
[WhiteElo "2445"]
[BlackElo "2365"]

1.g3 e5 2.c4 Nc6 3.Bg2 f5 4.Nc3 Nf6 5.d3 Bb4 6.Bd2 O-O 7.Nf3 e4 8.dxe4 Nxe4
9.Rc1 d6 10.O-O Bxc3 11.Bxc3 Be6 12.Nd4 Bd7 13.Be1 Nxd4 14.Qxd4 Bc6 15.f3 Qf6
16.Qxf6 Nxf6 17.Bc3 Rae8 18.Rfe1 Nd7 19.Kf2 b6 20.b4 Re6 21.h4 h5 22.Red1 Rfe8
23.Rd2 g6 24.Bh3 R6e7 25.Bb2 Kh7 26.Rc3 Ne5 27.Bf1 a6 28.Bc1 Ra8 29.c5 dxc5
30.bxc5 b5 31.Rd4 a5 32.a3 Rb8 33.Bf4 Rbe8 34.Bg5 Re6 35.Bc1 R6e7 36.Bf4 Kg8
37.Rc1 a4 38.Rc3 Nc4 39.e3 Ne5 40.Be2 Kf7 41.Rc2 Rb8 42.Rb2 Rb7 43.Rdb4 Ra7
44.Bxb5 Bxb5 45.Bxe5 Rxe5 46.Rxb5 c6 47.Rb7+ Rxb7 48.Rxb7+ Ke6 49.Rg7 Rxc5
50.Rxg6+ Kd5 51.g4 Rc2+ 52.Kg3 hxg4 53.fxg4 Rc3 54.h5 Rxa3 55.h6 Rxe3+ 56.Kf4 a3
57.Rg8 a2 58.Ra8 Re1 59.g5 Rf1+ 60.Ke3 f4+ 61.Ke2 a1=Q 62.Rxa1 Rxa1 63.h7 Rh1
64.g6 Ke4 65.g7 f3+ 66.Kf2 Rxh7 67.g8=Q Rh2+ 68.Ke1 Re2+ 69.Kf1 Rg2 70.Qe6+ Kf4
71.Qxc6 Re2 72.Qf6+ Ke4 73.Qg6+ Kf4 74.Qh6+ Kg4 75.Qg7+ Kf4 76.Qd4+ Kg3 77.Qg1+ Kf4
78.Qc5 Ke4 79.Qg5 Rg2 80.Qf6 Re2 81.Qh4+ Ke3 82.Qg3 Ke4 83.Qg4+ Ke3 84.Qh4 Rg2
85.Qe1+ Kf4 86.Qc3 Ke4 87.Qf6 Re2 88.Qg5 Rg2 89.Qh5 Kf4 90.Qd5 Re2 91.Qc5 Ke4
92.Qe7+ Kf4 93.Qf8+ Ke4 94.Qf6 Rg2 95.Qh6 Re2 96.Qh3 Rg2 97.Qh7+ Kf4 98.Qd3 Re2
99.Qc4+ Kg3 100.Qxe2  1/2-1/2

[Event "Aachen op"]
[Site "Aachen"]
[Date "1993.??.??"]
[Round "5"]
[White "Fahnenschmidt, Gerhard"]
[Black "Adamski, Jan"]
[Result "0-1"]
[WhiteElo "2365"]
[BlackElo "2410"]

1.c4 e5 2.g3 Nf6 3.Bg2 c6 4.Nc3 d5 5.cxd5 cxd5 6.d3 d4 7.Nb1 Be7 8.Nf3 Nc6
9.O-O O-O 10.Nbd2 Nd5 11.Nc4 Bf6 12.Qb3 Rb8 13.e4 dxe3 14.Nxe3 Ndb4 15.Ne1 Be6
16.Qd1 Qd7 17.a3 Nd5 18.Nxd5 Bxd5 19.Be3 Rfd8 20.Qe2 Bxg2 21.Kxg2 Qd5+ 22.Kg1 Rbc8
23.Rd1 e4 24.Rd2 Nd4 25.Qg4 Nf5 26.Bf4 g6 27.dxe4 Qxe4 28.Re2 Qd5 29.Be3 Qb5
30.Ng2 h5 31.Qf3 Bd4 32.Rfe1 Bxe3 33.Nxe3 Nd4  0-1

[Event "Alushta"]
[Site "Alushta"]
[Date "1993.??.??"]
[Round "?"]
[White "Dragomarezkij, Evgeni"]
[Black "Gipslis, Aivars"]
[Result "1/2-1/2"]
[WhiteElo "2465"]
[BlackElo "2490"]

1.c4 e5 2.g3 Nf6 3.Bg2 c6 4.Nf3 e4 5.Nd4 d5 6.cxd5 Qb6 7.Nc2 cxd5 8.Nc3 Nc6
9.d3 exd3 10.Qxd3 d4 11.Ne4 Be7 12.O-O O-O 13.b3 Rd8 14.Bb2 Ne5 15.Qd2 Nc4
16.bxc4 Qxb2 17.Rfb1 Nxe4 18.Bxe4 Qc3 19.Qd3 Qxd3 20.exd3 Rb8 21.Rb3 b6 22.Nb4 Bb7
23.Bxb7 Bxb4 24.Rxb4 Rxb7 25.a4 Rc7 26.a5 Rc6 27.axb6 axb6 28.Ra6 Rb8 29.Rb5 g6
30.Rd5 Re8 31.Kf1 Re7 32.Rxd4 Rce6 33.Ra1 Kg7 34.Rb1 Ra7 35.Re1 Rf6 36.Rd5 Ra3
37.Re3 Ra7 38.Kg2 h5 39.h4 Rc6 40.Re2 Rf6 41.Re3 Rc6 42.Rf3 Re6 43.Rf4 Re2
44.Rd6 Rb2 45.Kf3 Rc7 46.Ke3 Rb3 47.Rd5 Rb2 48.Kd4 Rb3 49.Ke5 Re7+ 50.Kd6 Re6+
51.Kc7 Re7+ 52.Kc6 Re6+ 53.Kb7 Re7+ 54.Ka6 Re6 55.Rd7 b5+ 56.Ka7 bxc4 57.Rdxf7+ Kh6
58.dxc4 Reb6 59.Rf3 Rb2 60.Ra3 Rc6 61.Rc3 Rb4 62.c5 Rb5  1/2-1/2

[Event "Athens op"]
[Site "Athens"]
[Date "1993.??.??"]
[Round "4"]
[White "Chilingirova, Pavlina"]
[Black "Ghinda, Mihail Viorel"]
[Result "0-1"]
[WhiteElo "2265"]
[BlackElo "2455"]

1.g3 e5 2.c4 Nf6 3.Bg2 d5 4.cxd5 Nxd5 5.Nc3 Nb6 6.d3 Be7 7.Be3 O-O 8.a3 f5
9.Rc1 f4 10.Bd2 a5 11.Nf3 Nc6 12.Na4 Nxa4 13.Qxa4 Ra6 14.Bc3 Bd6 15.Nd2 Qe8
16.Bd5+ Kh8 17.Rg1 Bd7 18.Qc2 Qh5 19.Bf3 Qh6 20.Nc4 b5 21.Nxd6 cxd6 22.Qd2 b4
23.axb4 axb4 24.Bxb4 Nxb4 25.Qxb4 fxg3 26.Rd1 Ra4 27.Qb7 gxh2 28.Rh1 Bc8
29.Qb6 Bg4 30.Bxg4 Rxg4 31.Qb7 Qf4 32.Rf1 d5 33.e3  0-1

[Event "AUT-ch"]
[Site "?"]
[Date "1993.??.??"]
[Round "11"]
[White "Casagrande, Harald"]
[Black "Petschar, Kurt"]
[Result "1/2-1/2"]
[WhiteElo "2395"]
[BlackElo "2325"]

1.c4 e5 2.g3 Nc6 3.Bg2 f5 4.b3 Nf6 5.Bb2 d5 6.cxd5 Nxd5 7.d3 Be6 8.Nd2 Bd6
9.Ngf3 Qe7 10.O-O O-O 11.Nc4 Bf7 12.Qc1 Nb6 13.Ng5 Nxc4 14.bxc4 Bh5 15.Re1 Nd8
16.Bc3 c6 17.Rb1 Nf7 18.Nxf7 Rxf7 19.e3  1/2-1/2

[Event "AUT-chT"]
[Site "?"]
[Date "1993.??.??"]
[Round "?"]
[White "Casagrande, Harald"]
[Black "Herzog, Adolf"]
[Result "1/2-1/2"]
[WhiteElo "2365"]
[BlackElo "2345"]

1.c4 e5 2.g3 Nf6 3.Bg2 Bc5 4.Nc3 O-O 5.e3 d6 6.Nge2 c6 7.O-O Bb6 8.d4 Be6
9.b3 Qc8 10.Ba3 Rd8 11.Qc2 Bf5 12.e4 Bh3 13.Rad1 Qe6 14.c5 dxc5 15.dxe5 Bxg2
16.Rxd8+ Bxd8 17.Rd1 Nbd7 18.Kxg2 Qxe5 19.f4 Qe6 20.Qd3 Be7 21.Bb2 Nb6 22.f5 c4
23.Qc2 cxb3 24.axb3 Qe5 25.Nd5 Nbxd5 26.exd5 Nxd5 27.Bxe5 Ne3+ 28.Kf3 Nxc2
29.Rd7 Bc5 30.Rxb7 Re8 31.Rb8 Rxb8 32.Bxb8 Kf8 33.Ke4 Ke7 34.Kd3 Ne1+ 35.Kc4 Bb6
36.Nd4 Kd7 37.g4 a6 38.Bg3 Bxd4 39.Kxd4 Nc2+ 40.Kc5 Ne3 41.h3 Nd5 42.Be5 g6
43.fxg6  1/2-1/2

[Event "AUT-chT"]
[Site "?"]
[Date "1993.??.??"]
[Round "?"]
[White "Fauland, Alexander"]
[Black "Kindermann, Stefan"]
[Result "0-1"]
[WhiteElo "2420"]
[BlackElo "2495"]

1.c4 e5 2.g3 d6 3.Bg2 g6 4.e4 Bg7 5.Ne2 Nc6 6.d3 Nge7 7.O-O O-O 8.Nbc3 Be6
9.Nd5 f5 10.Bg5 h6 11.Be3 Qd7 12.Qd2 Kh7 13.Rac1 Rf7 14.Nxe7 Qxe7 15.exf5 Bxf5
16.Nc3 Qd7 17.Ne4 Bh3 18.b4 Bxg2 19.Kxg2 a6 20.a4 b6 21.h4 Raf8 22.b5 axb5
23.axb5 Nd8 24.h5 g5 25.Qe2 Ne6 26.f3 d5 27.cxd5 Qxd5 28.Rc6 g4 29.f4 exf4
30.Qxg4 fxe3 31.Qg6+ Kg8 32.Rxf7 Rxf7 33.Qxe6 Qxe6 34.Rxe6 Bd4 35.g4 Rf4
36.Kg3 Rf1  0-1

[Event "AUT-chT"]
[Site "?"]
[Date "1993.??.??"]
[Round "?"]
[White "Titz, Heimo"]
[Black "Wiedner, Robert"]
[Result "1/2-1/2"]
[WhiteElo "2345"]
[BlackElo "2270"]

1.c4 e5 2.g3 Nc6 3.Bg2 g6 4.Nc3 Bg7 5.e3 f5 6.Nge2 Nf6 7.d4 O-O 8.b3 d6 9.Bb2 Qe8
10.Nd5 Rf7 11.dxe5 dxe5 12.O-O Be6 13.Qc2 g5 14.Nec3 Ng4 15.h3 Nh6 16.Rad1 Rd8
17.Rd2 Rfd7 18.Rfd1 Rc8 19.a3 Kh8 20.Na4 b6 21.Bc3 Ne7 22.Nxe7 Qxe7 23.Rxd7 Bxd7
24.Nb2 Nf7 25.b4 Be6 26.Bd5 c6 27.Bxe6 Qxe6 28.Kg2 h5 29.Qe2 g4 30.h4 Nd6
31.Qd3 Rd8 32.Qc2 Rf8 33.Qd3 Ne4 34.Be1 Rf7 35.Na4 Bf8 36.Qc2 Kg7 37.Nb2 Rd7
38.Rxd7+ Qxd7 39.Nd3 Bd6 40.Bc3 Qe8 41.Bb2 Kf6 42.a4 c5 43.b5 Ke6 44.Ba1 Qa8
45.Kh2 Nf6 46.a5 Qe4 47.axb6 axb6 48.Kg1 Nd7 49.Bb2 Ke7 50.Qc3 Kd8 51.Qc2 Kc7
52.Qb3 Qf3 53.Qc2 f4 54.exf4 exf4 55.Nxf4 Bxf4 56.gxf4 Qxf4 57.Qd3 Qd6 58.Qe3 Qg6
59.Kg2 Qf5 60.Kg3 Kd6 61.Qh6+ Ke7 62.Qg7+ Ke6 63.Qh6+ Ke7 64.Qe3+ Kd6 65.Bg7 Ne5
66.Qd2+ Qd3+ 67.Qxd3+ Nxd3 68.f3 gxf3 69.Kxf3 Ne5+ 70.Kf4 Nxc4 71.Kg5 Ke6
72.Bf6 Ne5 73.Bg7 c4 74.Kf4 Nf7 75.Bd4 Nd6 76.Bxb6 Nxb5 77.Kg5 Nd6 78.Kxh5  1/2-1/2

[Event "AUT-chT"]
[Site "?"]
[Date "1993.??.??"]
[Round "?"]
[White "Wiedner, Robert"]
[Black "Pils, Walter"]
[Result "0-1"]
[WhiteElo "2270"]
[BlackElo "2360"]

1.c4 e5 2.g3 Nf6 3.Bg2 Nc6 4.Nc3 Bb4 5.d3 O-O 6.a3 Bxc3+ 7.bxc3 d6 8.a4 a5
9.e3 Bd7 10.Ne2 Qe7 11.O-O Rad8 12.Ba3 b6 13.Re1 Nb8 14.d4 Rfe8 15.Nc1 Qe6
16.Qb3 Qf5 17.e4 Qh5 18.f3 Nc6 19.Qd1 Bc8 20.Nb3 Ba6 21.Bf1 h6 22.Kg2 Bc8
23.Qe2 Nh7 24.Qf2 f5 25.c5 bxc5 26.Bb5 Bd7 27.dxc5 fxe4 28.fxe4 Rf8 29.Qe2 Bg4
30.Qd3 Bf3+ 31.Kg1 Ng5 32.h4 Qg4  0-1

[Event "Baden-Baden op"]
[Site "Baden-Baden"]
[Date "1993.??.??"]
[Round "5"]
[White "Mandl, Robert"]
[Black "Roederer, Kai"]
[Result "1-0"]
[WhiteElo "2420"]
[BlackElo "2260"]

1.c4 e5 2.g3 Nc6 3.Bg2 f5 4.Nc3 Nf6 5.d3 d6 6.Nf3 Be7 7.Rb1 O-O 8.b4 Qe8
9.b5 Nd8 10.c5 Kh8 11.O-O Qh5 12.Ba3 f4 13.cxd6 Bxd6 14.Bxd6 cxd6 15.Ne4 Nxe4
16.dxe4 Rf6 17.Rb3 Bg4 18.Rc3 g5 19.Qd5 Rh6 20.h4 gxh4 21.Nxh4 Bxe2 22.Rfc1 fxg3
23.fxg3 Qg5 24.Nf5 Rf6 25.Nxd6 Bg4 26.Nc4 Be6 27.Qxe5 Qxe5 28.Nxe5 Bxa2 29.Bh3 Be6
30.Nd7 Bxd7 31.Bxd7 Rd6 32.Rc7 Rg6 33.Kg2 Rg7 34.Bf5 Nf7 35.Rxb7 Rd8 36.Rcc7 Rd2+
37.Kf1  1-0

[Event "Baden-Baden op"]
[Site "Baden-Baden"]
[Date "1993.??.??"]
[Round "8"]
[White "Kratochwil, Christian"]
[Black "Bartels, Holger"]
[Result "1-0"]
[WhiteElo "2310"]
[BlackElo "2175"]

1.c4 e5 2.g3 Nf6 3.Bg2 d5 4.cxd5 Nxd5 5.Nf3 Nc6 6.O-O Be7 7.d4 exd4 8.Nxd4 Nxd4
9.Qxd4 Nf6 10.Qa4+ c6 11.Nc3 O-O 12.Be3 Be6 13.Rfd1 Qc8 14.Rd2 Rd8 15.Rxd8+ Qxd8
16.Rd1 Qc7 17.Ne4 Nxe4 18.Bxe4 a6 19.Qc2 h6 20.Bh7+ Kf8 21.Bf5 Bxf5 22.Qxf5 Rd8
23.Rd4 Rxd4 24.Bxd4 Kg8 25.Qg4 Bf8 26.h4 Qd6 27.Qe4 Qd5 28.Qxd5 cxd5 29.Kg2 h5
30.Kf3 Bd6 31.e4 dxe4+ 32.Kxe4 Kf8 33.Kd5 Bc7 34.a4 g6 35.Be5 Bxe5 36.Kxe5 Ke7
37.a5 f6+ 38.Kd5 Kd7 39.f3 Ke7 40.Kc5 Kd7 41.Kb6 Kc8 42.g4 Kb8 43.gxh5 gxh5
44.Kc5 Kc7 45.Kd5 Kd7 46.Ke4 Ke6 47.Kf4 Ke7 48.Kf5 Kf7 49.f4 Ke7 50.Kg6 Ke6
51.f5+ Ke5 52.b3  1-0

[Event "Balatonbereny op"]
[Site "Balatonbereny"]
[Date "1993.??.??"]
[Round "2"]
[White "Torok, Jozsef"]
[Black "Petran, Pal"]
[Result "0-1"]
[WhiteElo "2290"]
[BlackElo "2440"]

1.c4 e5 2.g3 Nc6 3.Bg2 g6 4.Nc3 Bg7 5.e3 d6 6.d3 Be6 7.Rb1 Nge7 8.Nd5 Qd7
9.b4 O-O 10.Ne2 Nd8 11.b5 Nc8 12.O-O c6 13.bxc6 bxc6 14.Ndc3 Bh3 15.d4 Bxg2
16.Kxg2 exd4 17.exd4 Nb6 18.c5 Nc4 19.cxd6 Nxd6 20.d5 Re8 21.Bf4 Ne4 22.Nxe4 Rxe4
23.dxc6 Qxc6 24.Kg1 Ne6 25.Be3 Ra4 26.Qb3 Qa6 27.Nc1 Bd4 28.Bh6 Bb6 29.Re1 Qc4
30.Qxc4 Rxc4 31.Be3 Nd4 32.Bxd4 Rxd4 33.Nb3 Ra4 34.Rb2 h5 35.Kg2 Rc8 36.Ree2 Rac4
37.Rbd2 Kg7 38.Rd7 R8c6 39.Rd3 Rc2 40.Rdd2 R2c3 41.Nd4 Rf6 42.Nc2 Bc5 43.Ne3 Bxe3
44.Rxe3 Rxe3 45.fxe3 Ra6 46.Kf3 Ra4 47.h4 Kf6 48.e4 Ke5 49.Rd5+ Ke6 50.Rd2 f6
51.Ke3 Ra3+ 52.Kf4 Ra5 53.Rh2 Rc5 54.Rb2 g5+ 55.hxg5 fxg5+ 56.Ke3 Rc3+ 57.Kf2 Ra3
58.Rc2 h4 59.gxh4 gxh4 60.Kg2 Ke5 61.Re2 a5 62.Kh2 a4 63.Kh1 Rc3 64.Rb2 a3
65.Re2 Rc1+ 66.Kg2 Rb1 67.Re3 Rb2+ 68.Kh3 Rxa2 69.Rb3 Ra1 70.Kg2 Kxe4 71.Rb4+ Kd3
72.Rxh4 Kc3 73.Ra4 Kb3 74.Ra8 Rb1 75.Rb8+ Kc2 76.Ra8 Kb2 77.Rb8+ Ka1  0-1

[Event "Balatonbereny op"]
[Site "Balatonbereny"]
[Date "1993.??.??"]
[Round "4"]
[White "Juhasz, Laszlo"]
[Black "Eismont, Oleg"]
[Result "0-1"]
[WhiteElo "2165"]
[BlackElo "2440"]

1.c4 e5 2.g3 Nc6 3.Bg2 f5 4.e3 Nf6 5.Nc3 d5 6.Nxd5 Nxd5 7.cxd5 Nb4 8.d3 Nxd5
9.Ne2 Bb4+ 10.Bd2 Bxd2+ 11.Qxd2 O-O 12.d4 e4 13.Nc3 Be6 14.Nxd5 Bxd5 15.h4 Qd7
16.Bf1 Qf7 17.Qc3 c6 18.a3 a5 19.Rc1 b5 20.Be2 g6 21.Qc5 Qe6 22.Kf1 Kg7 23.Kg2 a4
24.Qb4 h6 25.Rh2 Ra7 26.Rch1 Rd7 27.Qc3 Kh7 28.Rc1 Rf6 29.Kg1 Kg8 30.Kg2 Rg7
31.Rch1 Qd6 32.Qc5 Qxc5 33.dxc5 Bb3 34.Bd1 Rd7 35.Bxb3+ axb3 36.Rb1 Rd2 37.Rhh1 Rf7
38.Rhd1 Rfd7  0-1